000 00335nam a2200121Ia 4500
008 190802s9999 xx 000 0 und d
020 _a13:978-1-59726-706-9
100 _aPeter Fox-Penner
245 0 _aSmart Power Climate Change the smart Gird
260 _aNew York
_bNortheastern University
_c2010
300 _a328:p
942 _cBK
999 _c2589
_d2589